Statistics for Faster than Usain Bolt?

Click here to take the quiz!

General Stats

  • This quiz has been taken 55 times
  • The average score is 15 of 24

Answer Stats

HintAnswer% Correct
SnailSlower
85%
KoalaSlower
82%
LionFaster
79%
OstrichFaster
79%
CoyoteFaster
76%
Red KangarooFaster
73%
Sailfish (in water)Faster
70%
Speed SkaterFaster
67%
Michael PhelpsSlower
67%
BobsledFaster
64%
KiwiSlower
64%
Komodo DragonSlower
61%
MouseSlower
61%
House CatFaster
58%
CapybaraSlower
58%
DonkeySlower
58%
Ford Model TFaster
55%
RhinocerosFaster
55%
HippopotamusSlower
52%
Olympic RowersSlower
48%
WallabyFaster
45%
SquirrelSlower
45%
CamelFaster
36%
RoadrunnerSlower
21%

Score Distribution

Percentile by Number Answered

Percent of People with Each Score

Your Score History

You have not taken this quiz